000
00325nam a2200133Ia 4500
008
150301s2015 xx 000 0 und d
082
_a
615.4
_b
H14P
100
_a
N.S. PARMAR
245
_a
HEALTH EDUCATION & COMMUNITY PHARMACY
260
_b
CBS- DELHI
300
_a
308
650
_a
COMMUNITY PHARMACY
942
_2
ddc
_c
BK
_0
1
999
_c
7075
_d
7075